000 00470nam a2200193Ia 4500
005 20240823013951.0
008 240823s9999||||xx |||||||||||||| ||und||
020 _a81-297-0755-1
041 _aENGLISH
082 _A621.3845 P5
100 _a"vanghi,Vieri et al."
245 4 _aThe Cdma 2000 System For Mobile Communications
250 _a1st
260 _c2005
_b"Pearson,"
500 _aYES
650 _aMobile
_bElectronics
942 _cBK
999 _c168736
_d168736